A tőzsdei babperek
Elmentve itt :
| Szerző: | |
|---|---|
| Dokumentumtípus: | Cikk |
| Megjelent: |
1929
|
| Sorozat: | Polgári jog : a hazai és külföldi magánjog és hiteljog szemléje
5 |
| Kulcsszavak: | Tőzsde áru jogi szabályozás |
| Online Access: | http://misc.bibl.u-szeged.hu/5033 |
| LEADER | 00591nab a2200169 i 4500 | ||
|---|---|---|---|
| 001 | misc5033 | ||
| 005 | 20191106142748.0 | ||
| 008 | 170607s1929 hu o 0|| hun d | ||
| 040 | |a SZTE Miscellanea Repozitórium |b hun | ||
| 041 | |a hun | ||
| 100 | 1 | |a Fränkel Pál | |
| 245 | 1 | 2 | |a A tőzsdei babperek |h [elektronikus dokumentum] / |c Fränkel Pál |
| 260 | |c 1929 | ||
| 300 | |a 86a | ||
| 490 | 0 | |a Polgári jog : a hazai és külföldi magánjog és hiteljog szemléje |v 5 | |
| 695 | |a Tőzsde áru jogi szabályozás | ||
| 856 | 4 | 0 | |u http://misc.bibl.u-szeged.hu/5033/1/polgari_jog_1929_086a.pdf |z Dokumentum-elérés |